[Event "Remote Superturnier 17 email"]
[Site "Remote email"]
[Date "2012.07.28"]
[Round "?"]
[White "Mangold, Wagner"]
[Black "Carlsen, Torben Erik"]
[Result "0-1"]
[WhiteElo "2265"]
[BlackElo "2348"]
[PlyCount "32"]
[EventDate "2012.??.??"]
[EventType "tourn (corr)"]
[EventRounds "14"]
[EventCountry "GER"]
[SourceTitle "Corr 2015"]
[Source "ChessBase"]
[SourceDate "2015.07.17"]
[SourceVersion "1"]
[SourceVersionDate "2015.07.17"]
[SourceQuality "1"]

1. b3 d5 2. Bb2 Bg4 3. Nf3 Bxf3 4. gxf3 e6 5. Rg1 Nh6 6. e4 Nc6 7. h3 Qd6 8. Qe2 0-0-0 9. Qe3 d4 10. Qg5 f6 11. Qg3 e5 12. Na3 Nb4 13. Nc4 Qe6 14. Kd1 b5 15. Na5 d3 16. c3 Nc2 0-1

[Event "Remote Superturnier 17 email"]
[Site "Remote email"]
[Date "2012.07.28"]
[Round "?"]
[White "Mangold, Wagner"]
[Black "Fernandez Ballon, Armel"]
[Result "0-1"]
[WhiteElo "2265"]
[BlackElo "2349"]
[PlyCount "32"]
[EventDate "2012.??.??"]
[EventType "tourn (corr)"]
[EventRounds "14"]
[EventCountry "GER"]
[SourceTitle "Corr 2015"]
[Source "ChessBase"]
[SourceDate "2015.07.17"]
[SourceVersion "1"]
[SourceVersionDate "2015.07.17"]
[SourceQuality "1"]

1. e4 c5 2. Nf3 d6 3. d4 cxd4 4. Nxd4 Nf6 5. Nc3 a6 6. g3 e6 7. Bg2 Be7 8. 0-0 Qc7 9. f4 0-0 10. Be3 Nc6 11. Kh1 Na5 12. Qe2 Nc4 13. Bc1 Rb8 14. b3 Na5 15. Bb2 b5 16. a4 b4 0-1

[Event "Remote 4er High 0027 email"]
[Site "Remote email"]
[Date "2012.06.22"]
[Round "?"]
[White "Richter, Wolfgang"]
[Black "Mangold, Wagner"]
[Result "1-0"]
[WhiteElo "2370"]
[BlackElo "2251"]
[PlyCount "41"]
[EventDate "2012.??.??"]
[EventType "tourn (corr)"]
[EventRounds "6"]
[EventCountry "GER"]
[SourceTitle "Corr 2015"]
[Source "ChessBase"]
[SourceDate "2015.07.17"]
[SourceVersion "1"]
[SourceVersionDate "2015.07.17"]
[SourceQuality "1"]

1. e4 c6 2. Nf3 d5 3. e5 Bg4 4. d4 e6 5. Nbd2 c5 6. h3 Bh5 7. c3 Ne7 8. dxc5 Nd7 9. Bb5 Nc6 10. b4 Be7 11. 0-0 a5 12. Re1 0-0 13. Bxc6 bxc6 14. Nb3 axb4 15. cxb4 Qb8 16. g4 Bg6 17. Nfd4 Rc8 18. a3 h6 19. f4 Be4 20. Nd2 Bd3 21. Qf3 1-0

[Event "Remote 11er 0041 email"]
[Site "Remote email"]
[Date "2012.06.09"]
[Round "?"]
[White "Carlsen, Torben Erik"]
[Black "Mangold, Wagner"]
[Result "1-0"]
[WhiteElo "2348"]
[BlackElo "2224"]
[PlyCount "37"]
[EventDate "2012.??.??"]
[EventType "tourn (corr)"]
[EventRounds "10"]
[EventCountry "GER"]
[SourceTitle "Corr 2015"]
[Source "ChessBase"]
[SourceDate "2015.07.17"]
[SourceVersion "1"]
[SourceVersionDate "2015.07.17"]
[SourceQuality "1"]

1. e4 c6 2. c4 d5 3. exd5 cxd5 4. cxd5 Nf6 5. Bb5+ Nbd7 6. Nc3 a6 7. Be2 Nb6 8. Nf3 Nbxd5 9. 0-0 e6 10. d4 Bd6 11. Ne5 0-0 12. Bd3 b5 13. Bg5 Bb7 14. Nxd5 Bxd5 15. Rc1 h6 16. Bh4 Be7 17. Qd2 Ne4 18. Bxe7 Qxe7 19. Qe3 1-0

[Event "Remote 11er 0041 email"]
[Site "Remote email"]
[Date "2012.06.09"]
[Round "?"]
[White "Mangold, Wagner"]
[Black "Schneider, Hans"]
[Result "0-1"]
[WhiteElo "2224"]
[BlackElo "2355"]
[PlyCount "72"]
[EventDate "2012.??.??"]
[EventType "tourn (corr)"]
[EventRounds "10"]
[EventCountry "GER"]
[SourceTitle "Corr 2015"]
[Source "ChessBase"]
[SourceDate "2015.07.17"]
[SourceVersion "1"]
[SourceVersionDate "2015.07.17"]
[SourceQuality "1"]

1. d4 Nf6 2. Bg5 d5 3. Bxf6 exf6 4. e3 Be6 5. Nd2 c5 6. dxc5 Bxc5 7. Nb3 Bb6 8. c3 0-0 9. Ne2 Nc6 10. Nf4 Bc7 11. Bd3 Bxf4 12. exf4 d4 13. 0-0 dxc3 14. bxc3 Qc7 15. Qc2 h6 16. g3 Rfe8 17. Rfe1 Rad8 18. Bh7+ Kh8 19. Be4 g5 20. fxg5 hxg5 21. Rac1 Kg7 22. Re3 Bg4 23. Qb1 Qb6 24. Ree1 a5 25. a4 Re5 26. Bc2 Bf3 27. Rxe5 Nxe5 28. Nd4 Qc5 29. Bb3 b6 30. Qc2 Bh5 31. Rf1 Rxd4 32. cxd4 Nf3+ 33. Kg2 Nxd4 34. Qxc5 Bf3+ 35. Kh3 bxc5 36. Rd1 Nxb3 0-1

[Event "Remote Superturnier 16 email"]
[Site "Remote email"]
[Date "2012.04.16"]
[Round "?"]
[White "Mangold, Wagner"]
[Black "Gnuechtel, Andreas"]
[Result "1/2-1/2"]
[WhiteElo "2207"]
[BlackElo "2182"]
[PlyCount "56"]
[EventDate "2012.??.??"]
[EventType "tourn (corr)"]
[EventRounds "14"]
[EventCountry "GER"]
[SourceTitle "Corr 2015"]
[Source "ChessBase"]
[SourceDate "2015.07.17"]
[SourceVersion "1"]
[SourceVersionDate "2015.07.17"]
[SourceQuality "1"]

1. b3 e5 2. Bb2 Nc6 3. e3 d5 4. Bb5 Bd6 5. c4 dxc4 6. f4 Qh4+ 7. g3 Qe7 8. Nf3 f6 9. 0-0 Nh6 10. Nc3 0-0 11. Nd5 Qd8 12. Bxc4 Kh8 13. fxe5 fxe5 14. Nh4 Rxf1+ 15. Qxf1 Bg4 16. Qg2 Qd7 17. Bd3 Rf8 18. Rf1 Be6 19. Nc3 Rxf1+ 20. Qxf1 Be7 21. Nf3 Bg4 22. Be4 Bxf3 23. Qxf3 Qxd2 24. Qf2 Qxf2+ 25. Kxf2 Ng4+ 26. Ke2 Nxh2 27. Nb5 Bc5 28. Nxc7 Ng4 1/2-1/2

[Event "Remote Superturnier 16 email"]
[Site "Remote email"]
[Date "2012.04.16"]
[Round "?"]
[White "Mangold, Wagner"]
[Black "Svrsek, Radomir Jr"]
[Result "1/2-1/2"]
[WhiteElo "2207"]
[BlackElo "2231"]
[PlyCount "153"]
[EventDate "2012.??.??"]
[EventType "tourn (corr)"]
[EventRounds "14"]
[EventCountry "GER"]
[SourceTitle "Corr 2015"]
[Source "ChessBase"]
[SourceDate "2015.07.17"]
[SourceVersion "1"]
[SourceVersionDate "2015.07.17"]
[SourceQuality "1"]

1. d4 d5 2. c4 e6 3. Nc3 Nf6 4. Nf3 Bb4 5. cxd5 exd5 6. Bg5 0-0 7. e3 h6 8. Bh4 Be6 9. Bd3 c5 10. 0-0 c4 11. Bb1 g5 12. Bg3 Nc6 13. h4 g4 14. Ne5 Re8 15. a3 Bd6 16. Qc2 Kg7 17. f3 Rh8 18. Nb5 Bb8 19. Qf2 Nh5 20. Bh2 gxf3 21. Nxf3 Bxh2+ 22. Nxh2 Rg8 23. e4 Qb6 24. exd5 Bxd5 25. a4 Rad8 26. Ng4 Kf8 27. Nxh6 Rg7 28. Be4 Ng3 29. Bxd5 Rxd5 30. Rae1 Nxf1 31. Rxf1 Ne7 32. Qf4 f5 33. h5 a6 34. Qb8+ Rd8 35. Qc7 Qxc7 36. Nxc7 Rd6 37. Nxf5 Nxf5 38. Rxf5+ Rf7 39. Rc5 Rc6 40. Rxc6 bxc6 41. Nxa6 Rb7 42. Kf2 Rxb2+ 43. Ke3 Rxg2 44. Nb4 Ke7 45. a5 Kd6 46. a6 Rg7 47. Kd2 Rh7 48. Kc3 Rxh5 49. Kxc4 Ra5 50. Kb3 Kc7 51. Kc3 Kb6 52. Kb3 Ra1 53. Kb2 Ra4 54. Kb3 Ra5 55. Kc3 Kb5 56. Kb3 Ra1 57. Na2 Kxa6 58. Nc3 Kb6 59. Kc4 Rh1 60. Ne2 Rh4 61. Nc1 Kc7 62. Nd3 Kd6 63. Nc5 Rh1 64. Ne4+ Ke7 65. Kc3 Ra1 66. Nc5 Kd6 67. Ne4+ Kd5 68. Nf6+ Ke6 69. Ne4 Kf5 70. Nd6+ Kg5 71. Kb2 Ra7 72. Kc3 Kf6 73. Kd3 Ke6 74. Ne4 Ra2 75. Kc4 Rc2+ 76. Kd3 Rc1 77. Nc3 1/2-1/2

[Event "Remote 4er email"]
[Site "Remote email"]
[Date "2012.04.14"]
[Round "?"]
[White "Richter, Wolfgang"]
[Black "Mangold, Wagner"]
[Result "1-0"]
[WhiteElo "2381"]
[BlackElo "2158"]
[PlyCount "77"]
[EventDate "2012.??.??"]
[EventType "tourn (corr)"]
[EventRounds "6"]
[EventCountry "GER"]
[SourceTitle "Corr 2015"]
[Source "ChessBase"]
[SourceDate "2015.07.17"]
[SourceVersion "1"]
[SourceVersionDate "2015.07.17"]
[SourceQuality "1"]

1. e4 c5 2. Nf3 d6 3. d4 cxd4 4. Nxd4 Nf6 5. Nc3 a6 6. Bg5 e6 7. Be2 Be7 8. 0-0 Nc6 9. Be3 Qc7 10. f4 0-0 11. Qd2 Bd7 12. Nb3 b5 13. a3 Rad8 14. Bf3 Rb8 15. Rad1 h6 16. Kh1 Bc8 17. Qf2 Nd7 18. Qg3 Kh8 19. Nd4 Na5 20. Bc1 Nc4 21. e5 dxe5 22. Nc6 Bd6 23. Nxb8 exf4 24. Nxa6 Bxa6 25. Qe1 Nf6 26. Ne4 Be5 27. b3 Ne3 28. Bxe3 fxe3 29. Qxe3 Nxe4 30. Qxe4 Kg8 31. Rf2 Bxh2 32. Rfd2 Bc8 33. Qc6 g5 34. Qxc7 Bxc7 35. b4 Kg7 36. Bc6 e5 37. Bxb5 e4 38. Rd4 Bf5 39. a4 1-0

[Event "Remote 11er 0035 email"]
[Site "Remote email"]
[Date "2011.06.08"]
[Round "?"]
[White "Klausner, Helmut"]
[Black "Mangold, Wagner"]
[Result "1/2-1/2"]
[WhiteElo "2233"]
[BlackElo "1794"]
[PlyCount "75"]
[EventDate "2011.??.??"]
[EventType "tourn (corr)"]
[EventRounds "10"]
[EventCountry "GER"]
[SourceTitle "Corr 2015"]
[Source "ChessBase"]
[SourceDate "2015.07.17"]
[SourceVersion "1"]
[SourceVersionDate "2015.07.17"]
[SourceQuality "1"]

1. e4 c6 2. d4 d5 3. Nc3 dxe4 4. Nxe4 Bf5 5. Ng3 Bg6 6. h4 h6 7. h5 Bh7 8. Nf3 Nf6 9. Bd3 Bxd3 10. Qxd3 Nbd7 11. c4 Qc7 12. Rh4 e6 13. Bf4 Bd6 14. Bxd6 Qxd6 15. Kf1 0-0 16. Ne4 Nxe4 17. Qxe4 Nf6 18. Qe3 Rfd8 19. Ne5 Nd7 20. Nd3 Rac8 21. Rd1 c5 22. b3 b6 23. Kg1 Rc6 24. Rf4 Qf8 25. d5 exd5 26. cxd5 Rd6 27. Rf5 Rf6 28. Qf3 Rxf5 29. Qxf5 Nf6 30. Nf4 Qd6 31. g3 Qe7 32. Kg2 Qe4+ 33. Qxe4 Nxe4 34. Kf3 Ng5+ 35. Kg4 Kf8 36. Kf5 Ke7 37. Ng2 Kd7 38. Rd3 1/2-1/2

[Event "Remote 11er 0035 email"]
[Site "Remote email"]
[Date "2011.06.08"]
[Round "?"]
[White "Mangold, Wagner"]
[Black "Santos, Pedro Miguel da Ros"]
[Result "1-0"]
[WhiteElo "1794"]
[BlackElo "1893"]
[PlyCount "65"]
[EventDate "2011.??.??"]
[EventType "tourn (corr)"]
[EventRounds "10"]
[EventCountry "GER"]
[SourceTitle "Corr 2015"]
[Source "ChessBase"]
[SourceDate "2015.07.17"]
[SourceVersion "1"]
[SourceVersionDate "2015.07.17"]
[SourceQuality "1"]

1. e4 e5 2. Nf3 Nc6 3. Bb5 d6 4. d4 a6 5. Bxc6+ bxc6 6. dxe5 Bg4 7. exd6 Bxd6 8. 0-0 Ne7 9. h3 Bh5 10. Nc3 0-0 11. Qe2 Re8 12. Rd1 Qc8 13. Be3 Rb8 14. Rab1 Ng6 15. g4 Bxg4 16. hxg4 Qxg4+ 17. Kf1 Bb4 18. Ng1 Qh4 19. f3 Qf6 20. Bd4 Qe6 21. a3 Bxc3 22. Bxc3 c5 23. Qh2 Rb7 24. Nh3 Qe7 25. Nf4 c6 26. Kf2 c4 27. Nxg6 fxg6 28. Rd6 Rb5 29. Rxc6 Rh5 30. Qg3 Rg5 31. Qc7 Qf8 32. Rd1 Rh5 33. Rd7 1-0

[Event "CFriend Superturnier email 3rd"]
[Site "Chessfriend.com"]
[Date "2007.08.26"]
[Round "?"]
[White "Mangold, Wagner"]
[Black "Jesche, Lothar"]
[Result "0-1"]
[WhiteElo "1820"]
[BlackElo "2253"]
[PlyCount "52"]
[EventDate "2007.??.??"]
[EventType "tourn (corr)"]
[EventRounds "15"]
[EventCountry "GER"]
[SourceTitle "Corr 2011"]
[Source "ChessBase"]
[SourceDate "2010.08.31"]
[SourceVersion "1"]
[SourceVersionDate "2010.08.31"]
[SourceQuality "1"]

1. d4 d5 2. c4 e6 3. Nf3 Nf6 4. Bg5 dxc4 5. e4 b5 6. Nc3 c6 7. e5 h6 8. Bh4 g5 9. Nxg5 hxg5 10. Bxg5 Nbd7 11. exf6 Bb7 12. Qf3 Qa5 13. h4 0-0-0 14. a3 c5 15. d5 exd5 16. 0-0-0 d4 17. Nd5 Re8 18. Bf4 Re6 19. Bg3 Nxf6 20. Qxf6 Rxf6 21. Nxf6 c3 22. Be5 Rh5 23. Nxh5 cxb2+ 24. Kb1 Qxa3 25. Rh3 Qa1+ 26. Kc2 Qxd1+ 0-1

[Event "CFriend Superturnier email 3rd"]
[Site "Chessfriend.com"]
[Date "2007.08.26"]
[Round "?"]
[White "Obando, Daniel"]
[Black "Mangold, Wagner"]
[Result "1-0"]
[WhiteElo "2066"]
[BlackElo "1820"]
[PlyCount "31"]
[EventDate "2007.??.??"]
[EventType "tourn (corr)"]
[EventRounds "15"]
[EventCountry "GER"]
[SourceTitle "Corr 2011"]
[Source "ChessBase"]
[SourceDate "2010.08.31"]
[SourceVersion "1"]
[SourceVersionDate "2010.08.31"]
[SourceQuality "1"]

1. e4 e5 2. Nf3 Nc6 3. Bb5 a6 4. Ba4 Nf6 5. d3 b5 6. Bb3 Be7 7. 0-0 d6 8. Qe1 Bg4 9. Ng5 0-0 10. f4 h6 11. Nf3 Bxf3 12. Rxf3 Nd4 13. Rf1 Ng4 14. c3 Nxb3 15. axb3 c6 16. Qg3 1-0